000 00822nam a2200229 a 4500
001 000035102
005 20200930074115.0
008 111025s1964 sp 000 0 spa d
040 _aDO-SdBNP
_bspa
_cBNPHU
082 _a261.8
_bF655h
100 1 _aFogarty, Michael Patrick
_960771
245 1 0 _aHistoria e ideología de la democracia cristiana en la Europa Occidental 1820-1953 /
_cMichael P. Fogarty ; traducción Ignacio Joaniquet Sirvent.
260 _aMadrid :
_bTecnos,
_c1964.
300 _a688 p. ;
_c24 cm.
490 1 _aCiencias sociales
_v37
650 4 _aDemocracia cristiana
_zEuropa
_960772
651 4 _aEuropa
_xCondiciones Sociales
_960580
700 1 2 _aJoaniquet Sirvent, Ignacio,
_etr.
_960773
830 0 _aCiencias sociales
_n37
_960774
910 _aValidado. Control de calidad MFF
049 _aBNGR
999 _c34593
_d34593